000
00330 a2200109 4500
001
ART_7941
005
20260410161556.0
008
260409a
245
1
0
_a
Análisis del estado de flujo de efectivo
100
1
_a
Mantovan, Flavio A.
773
0
_t
Profesional & Empresaria
_g
- Año XI, Nº 119 (ago. 2009)
_w
REV70
999
_c
9245
_d
9245